000 02322nam a22005297a 4500
003 CHAP
005 20220329135201.0
008 971013s1948 r 00010 d
010 _a32255
011 _a33227
035 _a37342
040 _cCHAP
082 _a311.2
_bC74Y
100 0 0 _aCroxton, Frederick Emory.
_929238
245 _aEstadística general aplicada
260 _aMéxico, D.F. :
_bFondo de Cultura Económica,
_c1948
300 _a710 p.
500 _a3 ed. 1959 idéntica
500 _a4 ed. 1962 idéntica
500 _a5 ed. 1963 idéntica
590 _aBATCH-UPD
_b10
_c20130109
_lUCH01
_h2327
590 _aBATCH-UPD
_b10
_c20130110
_lUCH01
_h2105
590 _aBATCH-UPD
_b10
_c20130410
_lUCH01
_h1417
590 _aBATCH-UPD
_b10
_c20130914
_lUCH01
_h1055
590 _aCONVERSION
_b10
_c20130109
_lUCH01
_h1318
650 1 4 _aEstadística.
_938241
650 1 4 _aEstadística
_xMétodos gráficos.
_938254
700 0 _aCowden, Dudley J.
_928721
901 _aBK
942 _cLIBRO
949 _a311.2 C74Y
_bBC
_cLIBRO
_d33724000302261
_eLIBRO
_fc.7
_h4587
_i37342
_si
949 _a311.2 C74Y
_bBC
_cLIBRO
_d33724000302279
_eLIBRO
_fc.2
_h4582
_i37342
_si
949 _a311.2 C74Y
_bBC
_cLIBRO
_d33724000302295
_eLIBRO
_fc.13
_h4593
_i37342
_si
949 _a311.2 C74Y
_bBC
_cLIBRO
_d33724000302303
_eLIBRO
_fc.8
_h4588
_i37342
_si
949 _a311.2 C74Y
_bBC
_cLIBRO
_d33724000302329
_eLIBRO
_fc.5
_h4585
_i37342
_si
949 _a311.2 C74Y
_bBC
_cLIBRO
_d33724000302337
_eLIBRO
_fc.10
_h4590
_i37342
_si
949 _a311.2 C74Y
_bBC
_cLIBRO
_d33724000302345
_eLIBRO
_fc.4
_h4584
_i37342
_si
949 _a311.2 C74Y
_bBC
_cLIBRO
_d33724000302352
_eLIBRO
_fc.6
_h4586
_i37342
_si
949 _a311.2 C74Y
_bBC
_cLIBRO
_d33724000302378
_eLIBRO
_fc.14
_h4594
_i37342
_si
949 _a311.2 C74Y
_bBC
_cLIBRO
_d33724000302394
_eLIBRO
_h4581
_i37342
_si
949 _a311.2 C74Y
_bBC
_cLIBRO
_d33724000304572
_eLIBRO
_fc.11
_h4591
_i37342
_si
949 _a311.2 C74Y
_bBC
_cLIBRO
_d33724000304580
_eLIBRO
_fc.16
_h4596
_i37342
_si
949 _a311.2 C74Y
_bBC
_cLIBRO
_d33724000304598
_eLIBRO
_fc.9
_h4589
_i37342
_si
949 _a311.2 C74Y
_bBC
_cLIBRO
_d33724000929204
_eLIBRO
_fc.12
_h4592
_i37342
_si
949 _a311.2 C74Y
_bBC
_cLIBRO
_d33724000938213
_eLIBRO
_fc.3
_h4583
_i37342
_si
949 _a311.2 C74Y
_bBC
_cLIBRO
_d33724002204082
_eLIBRO
_fc.15
_h4595
_i37342
_si
999 _c32255
_d32255